000
00307nam a22001217a 4500
040
_c
HS
082
_a
634
100
_a
NA
245
_a
ស្ថាប័នអនុវត្តដំណើរការគោលនយោបាយដីធ្លី
260
_a
RUA
_b
NA
_c
NA
300
_a
23p;
942
_c
KB
999
_c
9749
_d
9749